000 01089 a2200253 4500
001 48557
005 20260407155750.0
008 260407a1974 arg spa d
003 AR-UNSa-BCEJYS
040 _aAR-UNSa-BCEJYS
_bspa
_cAR-UNSa-BCEJYS
080 _a330
_xEconomía en general
245 1 0 _aTeoría de la economía estática
020 _a0-13-906610-1
264 1 _aNew Jersey :
_bPrentice/Hall Internacional
_c1974
300 _a460 p.
_c24 cm.
505 _a1. Introducción - 2. Teoría de la demanda - 3. Teoría de la producción y el costo - 4. Determinación del precio de los productos: Competencia pura - 5. Determinación del precio de los productos: El monopolio y competencia imperfecta - 6. Determinación de los precios de los recursos productivos y distribución del ingreso - 7. Economía normativa.
942 _cBK
590 _aniveau_biblio:m niveau_hierar:0
100 1 _aBrennan, Michel J.
700 1 _aReig Garcia, Víctor
700 1 _aPalmieri, Horacio
700 1 _aDávila L. de Guevara, Alvaro
700 1 _aMaldonado Santa Cruz, Guillermo
999 _c4625
_d4625